Welcome to Marium Abdulla Library

Embrace knowledge with a breath of fresh air.

Browse Collection

Marium Abdulla Library

Buildings without architects : (Record no. 10939)

MARC details
000 -LEADER
fixed length control field 03080cam a22004217a 4500
001 - CONTROL NUMBER
control field 10336
003 - CONTROL NUMBER IDENTIFIER
control field OSt
005 - DATE AND TIME OF LATEST TRANSACTION
control field 20250918131218.0
008 - FIXED-LENGTH DATA ELEMENTS--GENERAL INFORMATION
fixed length control field 090903s2010 nyua b 001 0 eng d
010 ## - LIBRARY OF CONGRESS CONTROL NUMBER
LC control number 2009936367
020 ## - INTERNATIONAL STANDARD BOOK NUMBER
International Standard Book Number 9780847833610
Qualifying information hc.
020 ## - INTERNATIONAL STANDARD BOOK NUMBER
International Standard Book Number 0847833615
Qualifying information hc.
035 ## - SYSTEM CONTROL NUMBER
System control number 15892986
035 ## - SYSTEM CONTROL NUMBER
System control number (OCoLC)609610361
040 ## - CATALOGING SOURCE
Original cataloging agency JAI
Transcribing agency JAI
Modifying agency BTCTA
-- YDXCP
-- ORX
-- BWX
-- TEF
-- FDA
-- CDX
-- CUY
-- TXI
-- BDX
-- DLC
042 ## - AUTHENTICATION CODE
Authentication code lccopycat
050 00 - LIBRARY OF CONGRESS CALL NUMBER
Classification number NA2542
Item number .M38 2010
082 04 - DEWEY DECIMAL CLASSIFICATION NUMBER
Classification number 720.9 MAY
Edition information 22
Item number 10336
100 1# - MAIN ENTRY--PERSONAL NAME
Personal name May, John,
Dates associated with a name 1950-
245 10 - TITLE STATEMENT
Title Buildings without architects :
Remainder of title a global guide to everyday architecture /
Statement of responsibility, etc. John May.
260 ## - PUBLICATION, DISTRIBUTION, ETC.
Place of publication, distribution, etc. New York :
Name of publisher, distributor, etc. Rizzoli,
Date of publication, distribution, etc. c2010.
300 ## - PHYSICAL DESCRIPTION
Extent 192 p. :
Other physical details ill. (some col.) ;
Dimensions 22 cm.
336 ## - CONTENT TYPE
Content type term text
Content type code txt
Source rdacontent
337 ## - MEDIA TYPE
Media type term unmediated
Media type code n
Source rdamedia
338 ## - CARRIER TYPE
Carrier type term volume
Carrier type code nc
Source rdacarrier
500 ## - GENERAL NOTE
General note The book is a global survey of vernacular and indigenous architectural styles. It is richly illustrated with photographs and diagrams.<br/>
504 ## - BIBLIOGRAPHY, ETC. NOTE
Bibliography, etc. note Includes bibliographical references (p. 186-187) and index.
505 0# - FORMATTED CONTENTS NOTE
Formatted contents note Foreword / Anthony Reid -- Gallery of building media -- Introduction / John May -- From Dutch windmills to German barns -- From Mediterranean caves to Bedouin tents -- From Japanese Minka to Toda huts -- From Zulu indlu to the "Venice of Africa" -- From the plains tipi to frontier log cabins -- From chattel houses to Urus Reed houses -- From Balinese kuren to Maori meetinghouses -- Modern vernacular architecture.
520 ## - SUMMARY, ETC.
Summary, etc. "This small but comprehensive book documents the rich cultural past of vernacular building styles, from Irish sod houses to sub-Saharan wattle-and-daub huts and redwoods treehouses. It offers inspiration for home woodworking enthusiasts as well as architects, conservationists, and anyone interested in energy-efficient building and sustainability. The variety and ingenuity of the world's vernacular building traditions are richly illustrated, and the materials and techniques are explored. With examples from every continent, the book documents the diverse methods people have used to create shelter from locally available natural materials, and shows the impressively handmade finished products through diagrams, cross-sections, and photographs. Unlike modern buildings that rely on industrially produced materials and specialized tools and techniques, the everyday architecture featured here represents a rapidly disappearing genre of handcrafted and beautifully composed structures that are irretrievably of their place. These structures are the work of unsung and often anonymous builders that combine artistic beauty, practical form, and necessity.
650 #0 - SUBJECT ADDED ENTRY--TOPICAL TERM
Topical term or geographic name entry element Architecture
General subdivision History.
650 #0 - SUBJECT ADDED ENTRY--TOPICAL TERM
Topical term or geographic name entry element Design and construction
650 #0 - SUBJECT ADDED ENTRY--TOPICAL TERM
Topical term or geographic name entry element building styles
650 #0 - SUBJECT ADDED ENTRY--TOPICAL TERM
Topical term or geographic name entry element Vernacular Tradition
906 ## - LOCAL DATA ELEMENT F, LDF (RLIN)
a 7
b cbc
c copycat
d 2
e ncip
f 20
g y-gencatlg
942 ## - ADDED ENTRY ELEMENTS (KOHA)
Source of classification or shelving scheme Dewey Decimal Classification
Koha item type Book
Suppress in OPAC No
Holdings
Date last seen Total checkouts Full call number Barcode Date last checked out Price effective from Koha item type Lost status Damaged status Not for loan Collection Withdrawn status Home library Current library Shelving location Date acquired Source of acquisition Cost, normal purchase price
08/22/2023 3 720.9 MAY 10336 08/17/2023 10/26/2021 Book       Architecture   Marium Abdulla Library Marium Abdulla Library Non-Ref 06/05/2012 Progressive International 2500.00